Heijōkyū mokkan /
Saved in:
| Corporate Author: | |
|---|---|
| Format: | Book |
| Language: | Japanese |
| Published: |
Kyōto-shi :
Nara Kokuritsu Bunkazai Kenkyūj,
[1966]-
|
| Series: | Nara Kokuritsu Bunkazai Kenkyūjo shiryō ;
dai 5- -satsu. Heijōkyū hakkutsu chōsa hōkoku ; 5-. |
| Subjects: | |
| Tags: |
Add Tag
No Tags, Be the first to tag this record!
|
| LEADER | 02127cam a2200505 a 4500 | ||
|---|---|---|---|
| 001 | 007366455-3 | ||
| 005 | 20060802115006.0 | ||
| 008 | 841203m19669999ja a f001 0 jpn | ||
| 010 | |a 84243017 /AJ/r872 | ||
| 035 | 0 | |a ocm40710887 | |
| 035 | 0 | |a ocm15655181 | |
| 040 | |a DLC |c DLC |d MH-HY |d CStRLIN | ||
| 041 | 0 | |a jpn |b eng | |
| 043 | |a a-ja--- | ||
| 245 | 0 | 0 | |6 880-01 |a Heijōkyū mokkan / |c [henshūsha Nara Kokuritsu Bunkazai Kenkyūjo]. |
| 246 | 1 | 5 | |a Wooden tablets from the Nara Palace site |
| 260 | |6 880-02 |a Kyōto-shi : |b Nara Kokuritsu Bunkazai Kenkyūj, |c [1966]- | ||
| 300 | |a portfolio : |b ill. ; |c 37 cm. | ||
| 490 | 1 | |6 880-03 |a Nara Kokuritsu Bunkazai Kenkyūjo shiryō ; |v dai 5- -satsu | |
| 490 | 1 | |6 880-04 |a Heijōkyū hakkutsu chōsa hōkoku ; |v 5- | |
| 500 | |a Summary in English. | ||
| 500 | |a Bigan in 1966. Cf. CU-E 71-1300-1. | ||
| 500 | |a Colophon inserted. | ||
| 500 | |a Each vol. accompanied by an explanatory booklet. | ||
| 500 | |a Includes indexes. | ||
| 651 | 0 | |6 880-05 |a Nara-shi (Japan) |x History |x Sources. | |
| 610 | 2 | 0 | |6 880-06 |a Heijōkyū (Nara-shi, Japan) |
| 651 | 0 | |6 880-07 |a Nara-shi (Japan) |x Antiquities. | |
| 651 | 0 | |a Japan |x Antiquities. | |
| 650 | 0 | |a Inscriptions, Japanese |z Japan |z Nara-shi. | |
| 710 | 2 | |6 880-08 |a Nara Kokuritsu Bunkazai Kenkyūjo. | |
| 880 | 0 | 0 | |6 245-01 |a 平城宮木簡 / |c [編集者奈良国立文化財研究所]. |
| 880 | |6 260-02 |a 京都市 : |b 奈良国立文化財研究所, |c [1966]- | ||
| 880 | 1 | |6 490-03 |a 奈良国立文化財研究所史料 ; |v 第5- -冊 | |
| 880 | 1 | |6 490-04 |a 平城宮発掘調查報告 ; |v 5- | |
| 880 | 0 | |6 651-05 |a 奈良市 (Japan) |x History |x Sources. | |
| 880 | 2 | 0 | |6 610-06 |a 平城宮(Nara-shi, Japan) |
| 880 | 0 | |6 651-07 |a 奈良市 (Japan) |x Antiquities. | |
| 880 | 2 | |6 710-08 |a 奈良国立文化財研究所. | |
| 830 | 0 | |6 880-53 |a Nara Kokuritsu Bunkazai Kenkyūjo shiryō ; |v dai 5- -satsu. | |
| 880 | 0 | |6 830-53 |a 奈良国立文化財研究所史料 ; |v 第5- -冊. | |
| 830 | 0 | |6 880-54 |a Heijōkyū hakkutsu chōsa hōkoku ; |v 5-. | |
| 880 | 0 | |6 830-54 |a 平城宮発掘調查報告 ; |v 5-. | |
| 988 | |a 20021127 | ||
| 906 | |0 DLC | ||


